Statistiques concernant La DLLH

Cliquez ici pour prendre le quiz!

Statistiques générales

  • Ce quiz a été pris 20 fois
  • Le résultat moyen est 12 sur 15

Statistiques - réponses

QuestionRéponse% Correct
Qui est la créatrice du compte même DLLHCecile
100%
Qui a abandonné la L1Lenny / Emma / Lorraine / Albertine / Louanne / Maël
94%
Qui sont les trois Totaly spiesJeanne / Tiphaine / Célia
88%
À qui correspond le tambourin dans la musique "la ronde des musicien"Josquin
88%
Quel est l'homonyme vestimentaire de Laurent V. (allias le Marseillais) ?Josquin
88%
Quelle est la seule prof qui tient compte des DLLHMathilde B.
88%
Quel est le prof le plus traumatique de la DLLHPapy Louis
88%
Quel est le surnom de Pauline B. ?Pied de biche
88%
Quels sont les passes temps de Marie Catho ?Animer des thérapies de couple avec son mari
82%
Quel est le surnom de Didier B. ?Jacques LE FONDAMENTAL
82%
Qui est fan absolu de Hugues <3 ?Pauline
82%
À qui Sarrazine a vivement recommandé d'aller s'assoir ?Pauline
76%
Qui a eu 6,75 au CCP d'ancienne ?Touleti
76%
Qui a parlé très froidement à Salomé après la réception des CCP ?Josquin
65%
Quel est le plus grand défaut de P.H. ?Ses retards à répétition
47%

Distribution des résultats

Percentile par nombre de réponses

% des personnes avec chaque résultat

Votre développement - résultats

Vous n’avez pas pris ce quiz